| 000 | 01833cam a22003254a 4500 | ||
|---|---|---|---|
| 999 |
_c130586 _d130586 |
||
| 001 | 15062261 | ||
| 003 | ARRUPE | ||
| 005 | 20201029103137.0 | ||
| 008 | 071029s2008 mau b 001 0 eng | ||
| 010 | _a 2007044952 | ||
| 020 | _a9781590305805 (pbk. : alk. paper) | ||
| 020 | _a1590305809 (pbk. : alk. paper) | ||
| 040 |
_aDLC _cDLC _dDLC |
||
| 050 | 0 | 0 |
_aBT304.9 _b.B68 2008 |
| 082 | 0 | 0 |
_a232 _222 |
| 100 | 1 |
_aBourgeault, Cynthia. _950093 |
|
| 245 | 1 | 4 |
_aThe wisdom Jesus : _btransforming heart and mind : a new perspective on Christ and his message / _cCynthia Bourgeault. |
| 250 | _a1st ed. | ||
| 260 |
_aBoston, Mass. : _bNew Seeds Books, _cc2008. |
||
| 300 |
_aviii, 223 p. ; _c21 cm. |
||
| 504 | _aIncludes bibliographical references (p. [211]-216) and index. | ||
| 505 | 0 | _aThe teachings of Jesus -- Jesus as a recognition event -- Jesus in context -- The kingdom of heaven is within you -- The path of Metanoia -- A gospel of Thomas sampler -- Kenosis : the path of self-emptying love -- Jesus as tantric master -- The mysteries of Jesus -- The incarnation -- The passion -- Crucifixion and its aftermath -- The great Easter fast -- Christian wisdom practices -- Centering prayer meditation -- Lectio divina -- Chanting and psalmody -- Welcoming -- Eucharist. | |
| 600 | 0 | 0 |
_aJesus Christ. _950094 |
| 856 | 4 | 2 |
_3Contributor biographical information _uhttp://www.loc.gov/catdir/enhancements/fy0809/2007044952-b.html |
| 856 | 4 | 2 |
_3Publisher description _uhttp://www.loc.gov/catdir/enhancements/fy0809/2007044952-d.html |
| 856 | 4 | 1 |
_3Table of contents only _uhttp://www.loc.gov/catdir/toc/fy0805/2007044952.html |
| 906 |
_a7 _bcbc _corignew _d1 _eecip _f20 _gy-gencatlg |
||
| 942 |
_2lcc _cMONOGRAPH |
||